000 00273nam a2200121Ia 4500
008 190216s9999||||xx |||||||||||||| ||und||
100 _aRamesh Upadhyaya
245 0 _aHindi-Aaj Ka Stri Antholen
260 _bIndra Sadhan
300 _a67
650 _aHindi
942 _cBK
999 _c16209
_d16209